Normal view
MARC view
Entry Personal Name
001 - CONTROL NUMBER
- control field: 20971
003 - CONTROL NUMBER IDENTIFIER
- control field: OSt
005 - DATE AND TIME OF LATEST TRANSACTION
- control field: 20210128115316.0
008 - FIXED-LENGTH DATA ELEMENTS
- fixed length control field: 210128|| aca||aabn | a|a d
040 ## - CATALOGING SOURCE
- Original cataloging agency: OSt
- Transcribing agency: OSt
100 ## - HEADING--PERSONAL NAME
- Personal name: Zhao, Jianzhi and Lu, Jiahuan.
670 ## - SOURCE DATA FOUND
- Source citation: Work cat.: (OSt)514516: Zhao, Jianzhi and Lu, Jiahuan. , Dees government punish nonprofits for high administrative costs in contracting decisions?
